| 000 | 03650nam a22003377a 4500 | ||
|---|---|---|---|
| 001 | TIGAL 0078 | ||
| 003 | gtcocun | ||
| 005 | 20250917185330.0 | ||
| 006 | a||||gr|||| 00| 0 | ||
| 007 | ta | ||
| 008 | 250917b2023 gt ||||| m||| 00| 0 eng d | ||
| 040 |
_agtcocun _bSPA _cgtcocun _eRDA |
||
| 041 | _aSPA TIGAL 0078 | ||
| 084 | _0TIGAL 0078 | ||
| 100 |
_aRodríguez González, Keily Rosangela _eAutor |
||
| 245 |
_aINFORME FINAL DEL EJERCICIO PROFESIONAL SUPERVISADO, REALIZADO EN LA ALDEA LAS PACAYAS DE SAN CRISTÓBAL VERAPAZ, DEPARTAMENTO DE ALTA VERAPAZ/ _cKeily Rosangela Rodríguez González. _hImpreso |
||
| 264 |
_aCobán, Alta Verapaz: _bUniversidad de San Carlos de Guatemala, Centro Universitario del Norte, Carrera de Ingeniería en Gestión Ambiental Local _c2023 |
||
| 300 |
_a99 p.: _bIlustraciones, gráficas. _c28 cm; |
||
| 300 | _cPDF | ||
| 336 |
_2rdacontenido _aTexto _btxt |
||
| 337 |
_2rdamedio _aComputadora _bn |
||
| 338 |
_2rdasoporte _aCódigo en línea _bcr |
||
| 502 | _eTIGAL 0078 | ||
| 502 |
_aTesis de grado _bCarrera de Ingeniería en Gestión Ambiental Local, _cUniversidad de San Carlos de Guatemala, Centro Universitario del Norte, Carrera de Ingeniería en Gestión Ambiental Local _d2023 _oTIGAL 0078 |
||
| 520 | 1 | 4 | _aLa realización del Ejercicio Profesional Supervisado (EPS) de la carrera de Ingeniería en Gestión Ambiental Local del Centro Universitario del Norte, tuvo como sede la Oficina Municipal de Ambiente y Recursos Naturales y el trabajo comunitario en aldea las Pacayas del municipio de San Cristóbal Verapaz, del departamento de Alta Verapaz. El presente informe final de ejercicio profesional supervisado desglosa diferentes fases; inicia con el diagnóstico comunitario, para conocer los problemas ambientales, seguidamente se elaboró el plan de trabajo el cual incluye los proyectos y guías ambientales para contrarrestar la problemática ambiental en la aldea las Pacayas y finaliza con la investigación enfocada a la evaluación de las especies vegetales como vetiver (Chrysopogon zizanioides), lirio acuático (Eichornia crassipes sp.), juncos (Juncus sp.) y un testigo, se lograron resultados positivos al evaluar la capacidad de estas plantas que actúan como zonas de transición entre medio terrestre y acuático. La investigación aportó a la evaluación de la eficiencia en el uso de especies vegetales en el tratamiento de aguas residuales, para minimizar los agentes contaminantes sustancias tóxicas y materia orgánica a través de los jardines filtrantes de bajo costo, las plantas objeto fueron: lirio acuático (Eichornia crassipes sp.), vetiver (Chrysopogon zizanioides) y juncos (Juncus sp.) los resultados no muestran diferencia en ninguno de los tres tratamientos evaluados, los valores de entrada son similares a los de salida; por lo que se recomienda realizar comparaciones en diferentes tipos de suelo compostado, ampliar el tiempo de investigación a un año para un eficaz control y monitoreo mensual, que permita obtener datos estadísticos de mayor relevancia en relación a cada uno de los tratamientos de las plantas vegetales para investigaciones futuras. |
| 650 | 1 | 4 |
_2LEMB _aSan Cristóbal Verapaz, Alta Verapaz _xIngeniería en Gestión Ambiental Local _xDiagnóstico _xProblemas ambientales _xPlan de trabajo _xGuías ambientales _xEspecies vegetales |
| 700 |
_aIng. Marcos Rafaél Flores Delgado _eAsesor |
||
| 856 |
_uhttps://drive.google.com/file/d/1bLPBaaN2e-NUA-pLaeCZmBooGpnjrnj9/view _yPDF _zUn ejemplar en línea. |
||
| 942 |
_2ddc _cTES _iTIGAL 0078 _kClasificación _n0 _6TIGAL_0078_000000000000000 |
||
| 999 |
_c1905 _d1905 |
||